<?xml version="1.0" encoding="UTF-8"?><?xml-stylesheet type="text/xsl" href="static/style.xsl"?><OAI-PMH xmlns="http://www.openarchives.org/OAI/2.0/" xmlns:xsi="http://www.w3.org/2001/XMLSchema-instance" xsi:schemaLocation="http://www.openarchives.org/OAI/2.0/ http://www.openarchives.org/OAI/2.0/OAI-PMH.xsd"><responseDate>2026-06-07T23:45:01Z</responseDate><request verb="GetRecord" identifier="oai:docta.ucm.es:20.500.14352/36075" metadataPrefix="marc">https://docta.ucm.es/rest/oai/request</request><GetRecord><record><header><identifier>oai:docta.ucm.es:20.500.14352/36075</identifier><datestamp>2023-06-19T16:04:05Z</datestamp><setSpec>com_20.500.14352_14</setSpec><setSpec>col_20.500.14352_20</setSpec></header><metadata><record xmlns="http://www.loc.gov/MARC21/slim" xmlns:dcterms="http://purl.org/dc/terms/" xmlns:xsi="http://www.w3.org/2001/XMLSchema-instance" xmlns:doc="http://www.lyncode.com/xoai" xsi:schemaLocation="http://www.loc.gov/MARC21/slim http://www.loc.gov/standards/marcxml/schema/MARC21slim.xsd">
   <leader>00925njm 22002777a 4500</leader>
   <datafield ind2=" " ind1=" " tag="042">
      <subfield code="a">dc</subfield>
   </datafield>
   <datafield ind2=" " ind1=" " tag="720">
      <subfield code="a">Ascanio Padilla, Juan R.</subfield>
      <subfield code="e">author</subfield>
   </datafield>
   <datafield ind2=" " ind1=" " tag="260">
      <subfield code="c">2014-04-23</subfield>
   </datafield>
   <datafield ind2=" " ind1=" " tag="520">
      <subfield code="a">A través de la historia de una hipotética empresa ‘ejemplar’, veremos a qué retos y necesidades se han ido enfrentando las empresas y cómo los han ido resolviendo mediante la implantación de soluciones software, las cuales han ido a su vez evolucionando, a medida que dichos retos han cambiado con el tiempo. Explicaremos, por qué se implantan sistemas ERP, CRM, CMS, etcétera, y qué problemáticas resuelven, a la vez que veremos qué nuevos retos plantean y cómo ello ofrece oportunidades de negocio a los desarrolladores de software. Concluiremos introduciendo qué es lo que se está implantando ahora en las empresas y qué está de moda entre los CTO.</subfield>
   </datafield>
   <datafield ind1="8" ind2=" " tag="024">
      <subfield code="a">https://hdl.handle.net/20.500.14352/36075</subfield>
   </datafield>
   <datafield ind1="8" ind2=" " tag="024">
      <subfield code="a">http://complumedia.ucm.es/resultados.php?contenido=i4NUbWOV89Vyak1ownt86g==</subfield>
   </datafield>
   <datafield ind2="0" ind1="0" tag="245">
      <subfield code="a">Érase una vez en el software corporativo</subfield>
   </datafield>
</record></metadata></record></GetRecord></OAI-PMH>